[Event "Asia Cities-ch 16th"]
[Site "Beirut"]
[Date "2009.04.19"]
[Round "5.8"]
[White "Almulla, Mohammed AR"]
[Black "Atwi, Ali"]
[Result "1/2-1/2"]
[WhiteElo "2035"]
[BlackElo "2132"]
[PlyCount "63"]
[EventDate "2009.04.16"]
[EventType "team-swiss"]
[EventRounds "9"]
[EventCountry "LBN"]
[SourceTitle "EXT 2020"]
[Source "ChessBase"]
[SourceDate "2019.10.17"]
[SourceVersion "1"]
[SourceVersionDate "2019.10.17"]
[SourceQuality "1"]
[WhiteTeam "Dubai"]
[BlackTeam "Chiah"]
[WhiteTeamCountry "UAE"]
[BlackTeamCountry "LBN"]

1. d4 d5 2. c4 Bf5 3. Bf4 e6 4. cxd5 Qxd5 5. Nc3 Bb4 6. a3 Bxc3+ 7. bxc3 Nc6 8. f3 0-0-0 9. Bd2 e5 10. e4 Bxe4 11. fxe4 Qxe4+ 12. Qe2 Qg6 13. dxe5 Nxe5 14. Qxe5 Nf6 15. 0-0-0 Rd6 16. g3 Ng4 17. Bh3 h5 18. Bxg4+ hxg4 19. Be3 Rxd1+ 20. Kxd1 Qc6 21. Qxg7 Rd8+ 22. Kc1 Qe4 23. Bd4 Re8 24. Qxf7 a5 25. h4 Qe1+ 26. Kb2 Qd2+ 27. Kb3 Qd1+ 28. Kb2 Qd2+ 29. Kb3 Qd1+ 30. Kb2 Qd2+ 31. Kb3 Qd1+ 32. Kb2 1/2-1/2

[Event "Asia Cities-ch 16th"]
[Site "Beirut"]
[Date "2009.04.18"]
[Round "3.9"]
[White "Jalloul, Maya M"]
[Black "Almulla, Mohammed AR"]
[Result "1/2-1/2"]
[WhiteElo "1882"]
[BlackElo "2035"]
[PlyCount "76"]
[EventDate "2009.04.16"]
[EventType "team-swiss"]
[EventRounds "9"]
[EventCountry "LBN"]
[SourceTitle "EXT 2020"]
[Source "ChessBase"]
[SourceDate "2019.10.17"]
[SourceVersion "1"]
[SourceVersionDate "2019.10.17"]
[SourceQuality "1"]
[WhiteTeam "Furn El Chebbak area II"]
[BlackTeam "Dubai"]
[WhiteTeamCountry "LBN"]
[BlackTeamCountry "UAE"]

1. e4 Nf6 2. e5 Nd5 3. d4 d6 4. Nf3 Bg4 5. exd6 exd6 6. Bc4 Qe7+ 7. Qe2 Qxe2+ 8. Bxe2 Nc6 9. c3 0-0-0 10. 0-0 Nf6 11. Nbd2 d5 12. Bd3 Bd6 13. Nb3 h6 14. Be3 Nh5 15. Nc5 Nf4 16. Bc2 Rhe8 17. Nh4 g6 18. h3 Be6 19. Nf3 Ne2+ 20. Kh1 Bxc5 21. dxc5 d4 22. cxd4 Nexd4 23. Nxd4 Nxd4 24. Ba4 Rh8 25. Rfd1 Nf5 26. Bf4 Rd5 27. Rxd5 Bxd5 28. a3 Rd8 29. Re1 c6 30. Bc2 Nh4 31. f3 g5 32. Bd6 Be6 33. b4 Nf5 34. Bxf5 Bxf5 35. Re7 Rd7 36. Re8+ Rd8 37. Re7 Rd7 38. Re8+ Rd8 1/2-1/2